000 00504nam a2200181Ia 4500
008 090124s9999 xx 000 0 und d
082 _b127245
100 _aबर्वे अच्युत
245 _a मातीचा वास
250 _a2
260 _c1996
300 _a199
600 _aबर्वे अच्युत
630 _a मातीचा वास
700 _aबर्वे अच्युत
730 _a मातीचा वास
942 _cBOOK
999 _c173334
_d173334